|
|
|
|
| LEADER |
00000nab a2200000 a 4500 |
| 001 |
vtls010102909 |
| 003 |
SK-MaSNL |
| 005 |
20260304155657.0 |
| 008 |
250507c1974 xo |||||| | 0b|slo |
| 015 |
|
|
|a SNBRB1974
|2 snkbucl
|
| 035 |
|
|
|a (uuid)7c3aca9d-a779-46d8-8eac-47a6113ca4cc
|
| 035 |
|
|
|a urn:nbn:sk:snk-abc5za
|
| 035 |
|
|
|a (urnnbn)urn:nbn:sk:snk:ar-0033o7
|
| 040 |
|
|
|a SNKBUCL
|b slo
|c SNKBUCL
|e AACR2
|
| 041 |
0 |
|
|a slo
|
| 044 |
|
|
|a xo
|c SK
|
| 080 |
|
|
|a 002.6
|2 1997
|
| 100 |
1 |
|
|a Šikurová, Alojzia
|4 aut
|9 5445
|
| 245 |
1 |
0 |
|a Základy informatiky
|c Alojzia Šikurová
|
| 650 |
0 |
7 |
|a informatika
|2 snkbucl
|9 1124
|
| 650 |
0 |
7 |
|a základy
|2 snkbucl
|9 313919
|
| 773 |
0 |
|
|t Čitateľ
|g Roč. 23, č. 6 (1974), s. 237-238
|
| 850 |
|
|
|a Slovenská národná knižnica
|
| 852 |
|
|
|a Slovenská národná knižnica
|
| 954 |
|
|
|a odborná, vedecká literatúra pôvodná (slovenská)
|2 lita
|
| 958 |
|
|
|a article15
|
| 958 |
|
|
|a OND
|
| 958 |
|
|
|a KL
|
| 958 |
|
|
|a EUIPO
|
| 999 |
|
|
|c 2963756
|d 2965686
|